书目信息 |
| 题名: |
中国2010年上海世博会场馆科技新视点
|
|
| 作者: | ;上海市世博科技促进中心 编 | |
| 分册: | ||
| 出版信息: | 上海 同济大学出版社 2010.07 |
|
| 页数: | 248页 | |
| 开本: | 29cm | |
| 丛书名: | ||
| 单 册: | ||
| 中图分类: | TU242.5 , N11 | |
| 科图分类: | ||
| 主题词: | 博览会--展览馆--简介--上海市--2010 , 科学技术--概况--世界 | |
| 电子资源: | ||
| ISBN: | 978-7-5608-4066-6 | |
| 000 | 00836nam 2200241 450 | |
| 001 | 004862819 | |
| 005 | 20101011155746.46 | |
| 010 | @a978-7-5608-4066-6@dCNY120.00 | |
| 100 | @a20101129d2010 em y0chiy50 ea | |
| 101 | 0 | @achi |
| 102 | @aCN@b310000 | |
| 105 | @aa z 000yy | |
| 200 | 1 | @a中国2010年上海世博会场馆科技新视点@Azhong guo 2010 nian shang hai shi bo hui chang guan ke ji xin shi dian@f上海市世博科技促进中心编 |
| 210 | @a上海@c同济大学出版社@d2010.07 | |
| 215 | @a248页@c图@d29cm | |
| 330 | @a本书以图文并茂的形式展示世博会各场馆的科技内涵和亮点。 | |
| 606 | 0 | @a博览会@x展览馆@x简介@y上海市@z2010 |
| 606 | 0 | @a科学技术@x概况@y世界 |
| 690 | @aTU242.5@v4 | |
| 690 | @aN11@v4 | |
| 711 | 02 | @a上海市世博科技促进中心@Ashang hai shi shi bo ke ji cu jin zhong xin@4编 |
| 801 | 0 | @aCN@c20101129 |
| 905 | @dTU242.5@eS270 | |
| 中国2010年上海世博会场馆科技新视点/上海市世博科技促进中心编.-上海:同济大学出版社,2010.07 |
| 248页:图;29cm |
| ISBN 978-7-5608-4066-6:CNY120.00 |
| 本书以图文并茂的形式展示世博会各场馆的科技内涵和亮点。 |
| ● |
| 相关链接 |
|
|
|
正题名:中国2010年上海世博会场馆科技新视点
索取号:TU242.5/S270
 
预约/预借
| 序号 | 登录号 | 条形码 | 馆藏地/架位号 | 状态 | 备注 |
| 1 | 1032369 | 210323693 | 建筑库101/101建筑库 67排6列1层/ [索取号:TU242.5/S270] | 在馆 | |
| 2 | 1032370 | 210323700 | 建筑库101/101建筑库 67排6列1层/ [索取号:TU242.5/S270] | 在馆 | |
| 3 | 1032371 | 210323719 | 建筑库101/101建筑库 67排6列1层/ [索取号:TU242.5/S270] | 在馆 |